La ambivalente historia del indigenismo: campo interamericano y trayectorias nacionales. 1940-1970

Uloženo v:
Podrobná bibliografie
Hlavní autoři: Giraudo, Laura (Autor), Martín-Sánchez, Juan (Autor)
Médium: Kniha
Jazyk:španělština
Vydáno: Lima Instituto de Estudios Peruanos 2011
Edice:América Problema, 33
Témata:
Tagy: Přidat tag
Žádné tagy, Buďte první, kdo vytvoří štítek k tomuto záznamu!

MARC

LEADER 00000cam a2200000 a 4500
001 UCF3130
003 CL-VaPUC
008 120927e20110000PE |||||||||||||||||spa|d
020 |a 9789972513152 
082 0 4 |a 980  |b GIR  |2 21 
100 0 |a Giraudo, Laura  |e author  |9 565025 
700 0 |a Martín-Sánchez, Juan  |e author  |9 565026 
245 1 3 |a La ambivalente historia del indigenismo: campo interamericano y trayectorias nacionales. 1940-1970 
300 |a 295 p 
942 |c BK 
945 |d 20120927 00:00:00  |a dcastane 
260 |a Lima  |b Instituto de Estudios Peruanos  |c 2011 
650 7 |a INDIGENISMO  |2 CL-VaPUC  |9 434561 
650 7 |a INDIGENISMO AMERICANO  |2 CL-VaPUC  |9 447269 
650 0 |a Derecho Indiano  |9 256266 
650 7 |a INDIOS  |2 CL-VaPUC  |9 258588 
650 7 |a FILOSOFIA POLITICA  |2 CL-VaPUC  |9 565027 
650 0 |a Identidad cultural  |9 319131 
583 |a last modification  |c 20120927 15:26:00  |k Rodrigo Vera 
490 0 |a América Problema, 33 
999 |c 349613  |d 349611 
952 |0 0  |1 0  |4 0  |6 980_000000000000000_GIR_2011  |7 0  |8 A  |9 452297  |a BIBING  |b BIBING  |d 2019-11-22  |i 4910540  |o 980 GIR 2011  |p 4910540  |r 2025-01-20  |w 2019-11-22  |y BK  |k GEO